International economics : Supplement
This edition reflects the latest economic issues, from deindustrialization and declining oil prices to foreign exchange market rigging and deflation and the Eurozone, keeping your instruction both current and interesting.
Bewaard in:
| Hoofdauteur: | |
|---|---|
| Formaat: | Boek |
| Taal: | Undetermined |
| Gepubliceerd in: |
Boston, Mass.
Cengage Learning
2017
|
| Onderwerpen: | |
| Tags: |
Voeg label toe
Geen labels, Wees de eerste die dit record labelt!
|
| Thư viện lưu trữ: | Trung tâm Học liệu Trường Đại học Cần Thơ |
|---|
| LEADER | 00799nam a2200205Ia 4500 | ||
|---|---|---|---|
| 001 | CTU_228803 | ||
| 008 | 210402s9999 xx 000 0 und d | ||
| 082 | |a 337 | ||
| 082 | |b C263 | ||
| 100 | |a Carbaugh, Robert J. | ||
| 245 | 0 | |a International economics : | |
| 245 | 0 | |b Supplement | |
| 245 | 0 | |c Robert J. Carbaugh | |
| 260 | |a Boston, Mass. | ||
| 260 | |b Cengage Learning | ||
| 260 | |c 2017 | ||
| 520 | |a This edition reflects the latest economic issues, from deindustrialization and declining oil prices to foreign exchange market rigging and deflation and the Eurozone, keeping your instruction both current and interesting. | ||
| 650 | |a Quan hệ kinh tế quốc tế,International economic relations | ||
| 910 | |b nthai | ||
| 980 | |a Trung tâm Học liệu Trường Đại học Cần Thơ | ||